000 00291nam a2200133Ia 4500
100 _aSRINIVAS/ NAIR
650 _aCommunication skills
942 _cBK
245 _aCommunication Skills
260 _bTMH
_aNew Delhi
_c2002
082 _a372.6/SRI/NAI
300 _a106
546 _aENGLISH
999 _c21720
_d21720